| 000 | 00763nam a2200145Ia 4500 | ||
|---|---|---|---|
| 008 | 100122s9999 xx 000 0 und d | ||
| 082 |
_b45809 _a823 |
||
| 100 | _aबेडेकर विश्रांम | ||
| 245 | _aस्वातंत्र्यवीर सावरकर चित्रपटकथा व संवाद ( क.क्र.26/4 ) | ||
| 260 |
_bपॉप्युलर प्रकाशन _c1991 |
||
| 300 | _a188 | ||
| 630 | _aस्वातंत्र्यवीर सावरकर चित्रपटकथा व संवाद ( क.क्र.26/4 ) | ||
| 730 | _aस्वातंत्र्यवीर सावरकर चित्रपटकथा व संवाद ( क.क्र.26/4 ) | ||
| 942 | _cBOOK | ||
| 999 |
_c425129 _d425126 |
||